[Event "Graz op-B 19th"]
[Site "Graz"]
[Date "2012.08.28"]
[Round "4"]
[White "Haas, Rainer"]
[Black "Ofner, Maximilian"]
[Result "0-1"]
[WhiteElo "1795"]
[BlackElo "1909"]
[PlyCount "52"]
[EventDate "2012.08.25"]
[EventType "swiss"]
[EventRounds "9"]
[EventCountry "AUT"]
[SourceTitle "CBM 150 Extra"]
[Source "ChessBase"]
[SourceDate "2012.10.19"]
[SourceVersion "1"]
[SourceVersionDate "2012.10.19"]
[SourceQuality "1"]

1. e4 c6 2. d4 d5 3. Nd2 dxe4 4. Nxe4 Bf5 5. Ng3 Bg6 6. Nf3 Nd7 7. Nh4 e6 8. Nxg6 hxg6 9. c3 Qc7 10. h3 Ngf6 11. Bd3 Bd6 12. Ne4 Nxe4 13. Bxe4 0-0-0 14. Bg5 Nf6 15. Bf3 e5 16. Bxf6 gxf6 17. d5 e4 18. Be2 cxd5 19. Qxd5 e3 20. Qf3 exf2+ 21. Kxf2 Bc5+ 22. Kf1 Rhe8 23. Qxf6 Re6 24. Bg4 Kb8 25. Bxe6 fxe6 26. Ke1 Qg3+ 0-1

[Event "Graz op-B 19th"]
[Site "Graz"]
[Date "2012.08.27"]
[Round "3"]
[White "Hapke, Ralf"]
[Black "Haas, Rainer"]
[Result "0-1"]
[WhiteElo "1945"]
[BlackElo "1795"]
[PlyCount "64"]
[EventDate "2012.08.25"]
[EventType "swiss"]
[EventRounds "9"]
[EventCountry "AUT"]
[SourceTitle "CBM 150 Extra"]
[Source "ChessBase"]
[SourceDate "2012.10.19"]
[SourceVersion "1"]
[SourceVersionDate "2012.10.19"]
[SourceQuality "1"]

1. Nc3 e5 2. e4 Nf6 3. f4 d6 4. Nf3 exf4 5. d4 Be7 6. Bxf4 Bg4 7. Bb5+ Nbd7 8. 0-0 a6 9. Bd3 c6 10. Qd2 b5 11. Rae1 Qb6 12. Be3 Bxf3 13. gxf3 c5 14. Nd5 Nxd5 15. exd5 0-0 16. c3 f5 17. Kh1 c4 18. Bc2 Qb7 19. Rg1 Rf7 20. Qg2 g6 21. h4 Bxh4 22. Re2 Qxd5 23. Qh3 Re8 24. Rgg2 Bd8 25. Rh2 Nf6 26. Reg2 Rxe3 27. Rxg6+ Kh8 28. Rhg2 Rxf3 29. Qh4 Rf1+ 30. Kh2 Ng4+ 31. R6xg4 Qxg2+ 32. Rxg2 Bxh4 0-1

[Event "Seefeld op 14th"]
[Site "Seefeld"]
[Date "2003.09.18"]
[Round "6"]
[White "Rigo, Gianfrancesco"]
[Black "Haas, Rainer"]
[Result "1-0"]
[WhiteElo "2052"]
[BlackElo "1867"]
[PlyCount "87"]
[EventDate "2003.09.13"]
[EventType "swiss"]
[EventRounds "9"]
[EventCountry "AUT"]
[SourceTitle "CBM 097 Extra"]
[Source "ChessBase"]
[SourceDate "2004.01.13"]
[SourceVersion "1"]
[SourceVersionDate "2004.01.13"]
[SourceQuality "1"]

1. e4 g6 2. d4 Bg7 3. Nc3 d6 4. Bc4 Nc6 5. Nf3 Nf6 6. d5 Nb8 7. Bf4 Nh5 8. Be3 0-0 9. Qd2 a6 10. Bh6 Nd7 11. g4 Nb6 12. Bxg7 Nxg7 13. Qh6 f6 14. Be2 Bxg4 15. Rg1 Bxf3 16. Bxf3 Nc4 17. Bg4 Ne5 18. Be6+ Nxe6 19. dxe6 Nf3+ 20. Ke2 Nxg1+ 21. Rxg1 Qe8 22. Nd5 Rc8 23. Rg3 f5 24. Rh3 Rf7 25. exf7+ Qxf7 26. exf5 gxf5 27. Rg3+ Kh8 28. Nf4 Rg8 29. Rxg8+ Qxg8 30. b3 c6 31. h4 e5 32. Qf6+ Qg7 33. Qd8+ Qg8 34. Qf6+ Qg7 35. Qxg7+ Kxg7 36. Ne6+ Kh6 37. Nd8 Kh5 38. Nxb7 d5 39. Nd8 c5 40. Nc6 e4 41. Ne7 Kg4 42. Nxd5 Kxh4 43. Ke3 Kg4 44. Nf6+ 1-0

[Event "Seefeld op 14th"]
[Site "Seefeld"]
[Date "2003.09.17"]
[Round "5"]
[White "Scacco, Mauro"]
[Black "Haas, Rainer"]
[Result "1-0"]
[WhiteElo "2090"]
[BlackElo "1867"]
[PlyCount "59"]
[EventDate "2003.09.13"]
[EventType "swiss"]
[EventRounds "9"]
[EventCountry "AUT"]
[SourceTitle "CBM 097 Extra"]
[Source "ChessBase"]
[SourceDate "2004.01.13"]
[SourceVersion "1"]
[SourceVersionDate "2004.01.13"]
[SourceQuality "1"]

1. e4 g6 2. d4 Bg7 3. Nc3 d6 4. Be3 Nf6 5. h3 c6 6. Qd2 b5 7. Bd3 a5 8. Nf3 Nbd7 9. 0-0 b4 10. Ne2 Ba6 11. e5 Nd5 12. e6 fxe6 13. Ng5 Nf8 14. c4 Nf6 15. Nf4 Bc8 16. Qc2 Bh6 17. Nfxe6 Bxe6 18. Nxe6 Nxe6 19. Bxh6 Nxd4 20. Qd2 Kf7 21. Rfe1 c5 22. Qf4 e5 23. Qd2 Qd7 24. f4 e4 25. Rxe4 Nxe4 26. Bxe4 Rae8 27. Bd5+ Kf6 28. f5 Qxf5 29. Rf1 Ne2+ 30. Kh2 1-0

[Event "Seefeld op 14th"]
[Site "Seefeld"]
[Date "2003.09.15"]
[Round "3"]
[White "Haas, Rainer"]
[Black "Heyse, Juergen"]
[Result "1-0"]
[WhiteElo "1867"]
[BlackElo "1570"]
[PlyCount "46"]
[EventDate "2003.09.13"]
[EventType "swiss"]
[EventRounds "9"]
[EventCountry "AUT"]
[SourceTitle "CBM 097 Extra"]
[Source "ChessBase"]
[SourceDate "2004.01.13"]
[SourceVersion "1"]
[SourceVersionDate "2004.01.13"]
[SourceQuality "1"]

1. e4 c6 2. d4 d5 3. Nc3 dxe4 4. Nxe4 Nf6 5. Nxf6+ gxf6 6. Bc4 Bf5 7. Ne2 e6 8. Bf4 Bd6 9. Bxd6 Qxd6 10. Qd2 Nd7 11. f3 0-0-0 12. 0-0-0 h5 13. Ng3 Bg6 14. Ne4 Qc7 15. g3 c5 16. Qe2 f5 17. Nc3 Kb8 18. d5 exd5 19. Nxd5 Qe5 20. Qd2 Nb6 21. Qd3 f4 22. Qb3 Nxd5 23. Bxd5 Qe3+ 1-0

[Event "Wattens op 12th"]
[Site "Wattens"]
[Date "1997.??.??"]
[Round "?"]
[White "Haas, Rainer"]
[Black "Zechner, Thomas"]
[Result "1-0"]
[WhiteElo "1790"]
[BlackElo "1620"]
[PlyCount "57"]
[EventDate "1997.??.??"]
[EventType "swiss"]
[EventRounds "9"]
[EventCountry "AUT"]
[SourceTitle "EXT 2000"]
[Source "ChessBase"]
[SourceDate "1999.11.16"]
[SourceVersion "1"]
[SourceVersionDate "1999.11.16"]
[SourceQuality "1"]

1. e4 e6 2. d4 d5 3. Nd2 Nf6 4. e5 Nfd7 5. f4 c5 6. Ngf3 Nc6 7. c3 cxd4 8. cxd4 Qb6 9. Nb3 Be7 10. a3 Na5 11. Nxa5 Qxa5+ 12. Bd2 Qb6 13. Bc3 Nb8 14. Bd3 Nc6 15. 0-0 Bd7 16. Qd2 a5 17. Kh1 a4 18. Qe2 Na5 19. Nd2 f5 20. exf6 Bxf6 21. Qh5+ Ke7 22. Bb4+ Kd8 23. Bc5 Qc7 24. Rac1 Nc6 25. Nf3 g6 26. Qh6 Be8 27. Qh3 Qd7 28. Bb5 Ra5 29. Bb6+ 1-0

[Event "Wattens op 10th"]
[Site "Wattens"]
[Date "1995.??.??"]
[Round "?"]
[White "Haas, Rainer"]
[Black "Kondrak, Christof"]
[Result "0-1"]
[WhiteElo "1795"]
[BlackElo "2060"]
[PlyCount "84"]
[EventDate "1995.??.??"]
[EventType "swiss"]
[EventRounds "9"]
[EventCountry "AUT"]
[SourceTitle "EXT 2000"]
[Source "ChessBase"]
[SourceDate "1999.11.16"]
[SourceVersion "1"]
[SourceVersionDate "1999.11.16"]
[SourceQuality "1"]

1. e4 c5 2. Nf3 Nc6 3. d4 cxd4 4. Nxd4 e5 5. Nb5 a6 6. Nd6+ Bxd6 7. Qxd6 f5 8. Nc3 Qf6 9. Qc5 d6 10. Qb6 Nge7 11. Bd3 f4 12. b3 0-0 13. Ba3 Rd8 14. 0-0-0 Be6 15. f3 Rac8 16. Bb2 Rd7 17. Rd2 Nd4 18. Nd5 Nxd5 19. exd5 Bxd5 20. Rhd1 Rc6 21. Qb4 Rdc7 22. c3 a5 23. Qa3 b5 24. Kb1 b4 25. cxb4 Nxf3 26. gxf3 Bxf3 27. Bc4+ Kh8 28. b5 Rxc4 29. Rxd6 Qf5+ 30. R1d3 Rd4 31. R6xd4 exd4 32. Ka1 Be4 33. Rxd4 h5 34. Qd6 Rf7 35. Rc4 f3 36. Rc5 Qg4 37. Rc1 f2 38. Rf1 Qe2 39. Qh6+ Bh7 40. Qc1 Rc7 41. Qd1 Qxd1+ 42. Rxd1 Bd3 0-1

[Event "Wattens op 10th"]
[Site "Wattens"]
[Date "1995.??.??"]
[Round "?"]
[White "Haas, Rainer"]
[Black "Reitberger, Peter"]
[Result "0-1"]
[WhiteElo "1795"]
[BlackElo "2050"]
[PlyCount "66"]
[EventDate "1995.??.??"]
[EventType "swiss"]
[EventRounds "9"]
[EventCountry "AUT"]
[SourceTitle "EXT 2000"]
[Source "ChessBase"]
[SourceDate "1999.11.16"]
[SourceVersion "1"]
[SourceVersionDate "1999.11.16"]
[SourceQuality "1"]

1. e4 e5 2. Nf3 Nf6 3. Nc3 Bb4 4. Bc4 Nc6 5. 0-0 0-0 6. Re1 d6 7. a3 Bc5 8. Na4 Bg4 9. c3 a6 10. Nxc5 dxc5 11. h3 Bh5 12. d3 b5 13. Ba2 Qd6 14. Bg5 Rad8 15. g4 Bg6 16. Re3 c4 17. Qf1 cxd3 18. Bxf6 Qxf6 19. Rd1 Bxe4 20. Rxe4 Qxf3 21. Re3 Qf4 22. Qg2 Rd6 23. Bd5 Ne7 24. Rf3 Nxd5 25. Rxf4 Nxf4 26. Qf3 c5 27. h4 c4 28. Kf1 f5 29. g5 Nd5 30. Ke1 e4 31. Qh3 f4 32. Kd2 e3+ 33. fxe3 fxe3+ 0-1